00424nam a2200145 i 450000100060000000300090000600500170001500700030003200800410003524500790007626000400015530000390019570000230023485200210025783892ES-MaACL20230906174918.0t|041118s1934 xxk ||||1| eng d00aItaly b: a companion to italian studies / cedited by Edmundb G. Gardner. aLondon : bMethnen and CÂș, c1934. aX, 274 p., 1 map. pleg. ; c22 cm.1 aGardner, Edmund G. aES-MaACLjA-2650